Statistics for Canadian Prime Ministers

Click here to take the quiz!

General Stats

  • This quiz has been taken 23 times
  • The average score is 17 of 22

Answer Stats

Date of Term(s)Prime Minister% Correct
1968-1979, 1980-1984Pierre Trudeau
100%
1993Kim Campbell
95%
1963-1968Lester Pearson
95%
1867-1873, 1878-1891Sir John MacDonald
95%
1984-1993Brian Mulroney
90%
1993-2003Jean Chretien
90%
2003-2006Paul Martin
90%
2006-Stephen Harper
90%
1957-1963John Diefenbaker
85%
1979-1980Joseph Clark
85%
1896-1911Sir Wilfrid Laurier
85%
1921-1926, 1926-1930, 1935-1948William King
85%
1873-1878Alexander Mackenzie
80%
1984John Turner
75%
1948-1957Louis St. Laurent
75%
1911-1920Sir Robert Borden
75%
1930-1935Richard Bennett
70%
1896Sir Charles Tupper
70%
1920-1921, 1926Arthur Meighen
60%
1891-1892Sir John Abbott
60%
1892-1894Sir John Thompson
50%
1894-1896Sir Mackenzie Bowell
45%

Score Distribution

Percentile by Number Answered

Percent of People with Each Score

Your Score History

You have not taken this quiz